Excel 2016 Formulas and Functions / (Record no. 36821)
[ view plain ]
| 000 -LEADER | |
|---|---|
| fixed length control field | 00475nam a22001697a 4500 |
| 005 - DATE AND TIME OF LATEST TRANSACTION | |
| control field | 20250115155143.0 |
| 008 - FIXED-LENGTH DATA ELEMENTS--GENERAL INFORMATION | |
| fixed length control field | 250115b |||||||| |||| 00| 0 eng d |
| 020 ## - INTERNATIONAL STANDARD BOOK NUMBER | |
| ISBN | 9780789755643 |
| 082 ## - DEWEY DECIMAL CLASSIFICATION NUMBER | |
| Classification number | 005.54 |
| Item number | MCF-E |
| 100 ## - MAIN ENTRY--AUTHOR | |
| Author Name | Mcfedries, Paul |
| 245 ## - TITLE STATEMENT | |
| Title | Excel 2016 Formulas and Functions / |
| Statement of responsibility, etc. | Paul Mcfedries |
| 260 ## - PUBLICATION, DISTRIBUTION, ETC. | |
| Place of Publication | USA: |
| Name of publisher, distributor, etc. | Cengage Learning; |
| Date of publication, distribution, etc. | 2016. |
| 300 ## - PHYSICAL DESCRIPTION | |
| Pages | xiv, 508 p. : |
| 500 ## - GENERAL NOTE | |
| General note | include index. |
| 650 ## - SUBJECT ADDED ENTRY--TOPICAL TERM | |
| Subject / Department | Microsoft Office |
| 300 ## - PHYSICAL DESCRIPTION | |
| -- | ill; |
| -- | 24 cm. |
| 952 ## - LOCATION AND ITEM INFORMATION (KOHA) | |
| -- | 0 |
| -- | 0 |
| 952 ## - LOCATION AND ITEM INFORMATION (KOHA) | |
| -- | 0 |
| -- | 0 |
| 952 ## - LOCATION AND ITEM INFORMATION (KOHA) | |
| -- | 0 |
| -- | 0 |
| Lost status | Damaged status | Collection code | Permanent Location | Current Location | Shelving Location | Date acquired | Full Call Number | Accession No./Barcode | Date last seen | Copy number | item type | Koha item type |
|---|---|---|---|---|---|---|---|---|---|---|---|---|
| CS/IT | Superior Information Resource Center (SIRC) Superior University- Gold Campus | Superior Information Resource Center (SIRC) Superior University- Gold Campus | Microsoft Office | 01/15/2025 | 005.54 MCF-E 2016 | 18392 | 01/15/2025 | 1 | BOOK | BOOK | ||
| CS/IT | Superior Information Resource Center (SIRC) Superior University- Gold Campus | Superior Information Resource Center (SIRC) Superior University- Gold Campus | Microsoft Office | 01/15/2025 | 005.54 MCF-E 2016 | 18393 | 01/15/2025 | 2 | BOOK | BOOK | ||
| CS/IT | Superior Information Resource Center (SIRC) Superior University- Gold Campus | Superior Information Resource Center (SIRC) Superior University- Gold Campus | Microsoft Office | 01/15/2025 | 005.54 MCF-E 2016 | 18394 | 01/15/2025 | 3 | BOOK | BOOK |
